Słowo na cztery Litery - Statystyki

Ogólne statystyki
  • Ten quiz został rozwiązany 24 razy
  • Średni wynik to 2 z 11
Statystyki odpowiedzi
Odpowiedź % Poprawnych
Pies
45%
Mama
40%
Tata
40%
Piwo
20%
Ręka
20%
Wino
15%
Lupa
10%
Okno
10%
Sowa
5%
Fiat
0%
Ford
0%
Nie znaleziono quizów pasujących do podanych kryteriów
Rozkład punktacji
Procent ludzi z każdym wynikiem
Percentyl według liczby udzielonych odpowiedzi
Twoja historia wyników
Nie rozwiązałeś tego quizu